LEADER 03134 am 2200601 n 450 001 9910220060403321 005 20180403 010 $a979-1-03-650078-7 024 7 $a10.11647/OBP.0125 035 $a(CKB)3800000000216176 035 $a(OAPEN)638898 035 $a(FrMaCLE)OB-obp-4401 035 $a(oapen)https://directory.doabooks.org/handle/20.500.12854/27412 035 $a(PPN)226952649 035 $a(EXLCZ)993800000000216176 100 $a20180419j|||||||| ||| 0 101 0 $aeng 135 $auuuuu---auuuu 181 $ctxt$2rdacontent 182 $cc$2rdamedia 183 $acr$2rdacarrier 200 10$aEthics for A-Level $eFor AQA Philosophy and OCR Religious Studies /$fMark Dimmock, Andrew Fisher 210 $aCambridge $cOpen Book Publishers$d2018 215 $a1 online resource (262) 311 $a1-78374-388-3 330 $a"What does pleasure have to do with morality? What role, if any, should intuition have in the formation of moral theory? If something is ‘simulated’, can it be immoral? This accessible and wide-ranging textbook explores these questions and many more. Key ideas in the fields of normative ethics, metaethics and applied ethics are explained rigorously and systematically, with a vivid writing style that enlivens the topics with energy and wit. Individual theories are discussed in detail in the first part of the book, before these positions are applied to a wide range of contemporary situations including business ethics, sexual ethics, and the acceptability of eating animals. A wealth of real-life examples, set out with depth and care, illuminate the complexities of different ethical approaches while conveying their modern-day relevance. This concise and highly engaging resource is tailored to the Ethics components of AQA Philosophy and OCR Religious Studies, with a clear and practical layout that includes end-of-chapter summaries, key terms, and common mistakes to avoid. It should also be of practical use for those teaching Philosophy as part of the International Baccalaureate. Ethics for A-Level is of particular value to students and teachers, but Fisher and Dimmock’s precise and scholarly approach will appeal to anyone seeking a rigorous and lively introduction to the challenging subject of ethics." 606 $aEthics & moral philosophy$2bicssc 610 $aa-level 610 $anormative ethics 610 $aapplied ethics 610 $aaqa philosophy 610 $amorality 610 $aocr religious studies 610 $asexual ethics 610 $ametaethics 610 $amoral theory 610 $atextbook 610 $abusiness ethics 610 $aAristotle 610 $aEuthanasia 610 $aImmanuel Kant 610 $aMeta-ethics 610 $aThomas Aquinas 610 $aUtilitarianism 610 $aVirtue ethics 615 7$aEthics & moral philosophy 700 $aDimmock$b Mark$01364848 701 $aFisher$b Andrew$0861483 801 0$bFR-FrMaCLE 906 $aBOOK 912 $a9910220060403321 996 $aEthics for A-Level$93386292 997 $aUNINA LEADER 04259nam 2200925 450 001 9910826902303321 005 20191220095004.0 010 $a1-5261-0213-7 010 $a1-78170-724-3 024 7 $a10.7765/9781526102133 035 $a(CKB)3710000000340236 035 $a(SSID)ssj0001542998 035 $a(PQKBManifestationID)16132157 035 $a(PQKBTitleCode)TC0001542998 035 $a(PQKBWorkID)12143828 035 $a(PQKB)10262611 035 $a(StDuBDS)EDZ0000982736 035 $a(MiAaPQ)EBC4705580 035 $a(UkMaJRU)992979891024401631 035 $a(DE-B1597)659356 035 $a(DE-B1597)9781526102133 035 $a(EXLCZ)993710000000340236 100 $a20191220h20152014 fy| 0 101 0 $aeng 135 $aur||#---||||| 181 $ctxt$2rdacontent 182 $cc$2rdamedia 183 $acr$2rdacarrier 200 10$aImagining women readers, 1789-1820 $ewell-regulated minds /$fRichard De Ritter 210 1$aManchester, UK :$cManchester University Press,$d2015. 210 4$d© 2014 215 $a1 online resource (viii, 232 pages) $cdigital file(s) 300 $aBibliographic Level Mode of Issuance: Monograph 311 $a1-5261-0214-5 311 $a0-7190-9033-4 320 $aIncludes bibliographical references (pages 207-225) and index. 327 $aIntroduction -- 1. 'Like a sheet of white paper': books, bodies, and the sensuous materials of the mind -- 2. 'Wholesome labour': the work of reading -- 3. 'The enlightened energy of parental affection': post-revolutionary schemes of education -- 4. 'Leisure to be wise': female education and the possibilities of domesticity -- 5. Making the novel-readers of a country: pleasure and the practised reader -- Bibliography -- Index 330 8 $a'Imagining Women Readers' reassesses the cultural significance of women's reading in the period 1789-1820. While much attention has been paid to the moral panic provoked by novel-reading during this period, this study offers a more progressive and enabling narrative. From the turbulent years following the French Revolution to the fiction of Jane Austen, 'Imagining Women Readers' charts the rise of a self-regulating reader, who possesses both moral and cultural authority. 606 $aEnglish literature$xWomen authors$xHistory and criticism 606 $aWomen$xBooks and reading$zGreat Britain$xHistory$y18th century 606 $aEnglish literature$y19th century$xHistory and criticism 606 $aWomen$xBooks and reading$zGreat Britain$xHistory$y19th century 606 $aWomen and literature$zGreat Britain$xHistory$y18th century 606 $aWomen and literature$zGreat Britain$xHistory$y19th century 606 $aAuthors and readers$zGreat Britain$xHistory$y18th century 606 $aAuthors and readers$zGreat Britain$xHistory$y19th century 606 $aEnglish literature$y18th century$xHistory and criticism 606 $aLiterature$2mup 606 $aGender Studies: Women$2bicssc 606 $aSOCIAL SCIENCE / Women's Studies$2bisach 606 $aLiterary studies: fiction, novelists & prose writers$2thema 607 $aGreat Britain$2fast 610 $aEducation. 610 $aFemininity. 610 $aLabour. 610 $aLeisure. 610 $aPrivate. 610 $aPublic. 610 $aReaders. 610 $aReading. 615 0$aEnglish literature$xWomen authors$xHistory and criticism. 615 0$aWomen$xBooks and reading$xHistory 615 0$aEnglish literature$xHistory and criticism. 615 0$aWomen$xBooks and reading$xHistory 615 0$aWomen and literature$xHistory 615 0$aWomen and literature$xHistory 615 0$aAuthors and readers$xHistory 615 0$aAuthors and readers$xHistory 615 0$aEnglish literature$xHistory and criticism. 615 7$aLiterature 615 7$aGender Studies: Women 615 7$aSOCIAL SCIENCE / Women's Studies 615 7$aLiterary studies: fiction, novelists & prose writers 676 $a820.9928709033 700 $aDe Ritter$b Richard$01678033 801 2$bUkMaJRU 906 $aBOOK 912 $a9910826902303321 996 $aImagining women readers, 1789-1820$94045380 997 $aUNINA